Sports Quiz

Random Sports or NFL Quiz

2013 Pro Bowlers (Alternates/Reserves not included) Quiz Stats

Quiz not verified by Sporcle

Also try: MLB Lifers
Challenge
Share
Tweet
Embed
Score 0/81 Timer 10:00
0 Plays Today
Hint Answer % Correct
QB (Carolina Panthers)Cam Newton
97.7%
QB (New Orleans Saints)Drew Brees
97.7%
QB (Denver Broncos)Peyton Manning
97.7%
QB (San Diego Chargers)Philip Rivers
95.5%
QB (Seattle Seahawks)Russell Wilson
95.5%
QB (New England Patriots)Tom Brady
95.5%
RB (San Francisco 49ers)Frank Gore
95.5%
RB (Seattle Seahawks)Marshawn Lynch
95.5%
WR (Detroit Lions)Calvin Johnson
95.5%
WR (Cleveland Browns)Josh Gordon
95.5%
WR (Dallas Cowboys)Dez Bryant
95.5%
WR (Pittsburgh Steelers)Antonio Brown
95.5%
RB (Kansas City Chiefs)Jamaal Charles
93.2%
RB (Chicago Bears)Matt Forte
93.2%
RB (Philadelphia Eagles)LeSean McCoy
93.2%
RB (Minnesota Vikings)Adrian Peterson
93.2%
WR (Denver Broncos)Demaryius Thomas
93.2%
TE (Denver Broncos)Julius Thomas
93.2%
TE (San Francisco 49ers)Vernon Davis
93.2%
TE (New Orleans Saints)Jimmy Graham
93.2%
T (Cleveland Browns)Joe Thomas
93.2%
T (Washington Redskins)Trent Williams
93.2%
DE (Buffalo Bills)Mario Williams
93.2%
DE (Houston Texans)J.J. Watt
93.2%
DT (Tampa Bay Buccaneers)Gerald McCoy
93.2%
DT (Buffalo Bills)Kyle Williams
93.2%
CB (Arizona Cardinals)Patrick Peterson
93.2%
Hint Answer % Correct
S (Seattle Seahawks)Earl Thomas
93.2%
WR (Chicago Bears)Brandon Marshall
90.9%
T (Dallas Cowboys)Tyron Smith
90.9%
DT (San Francisco 49ers)Justin Smith
90.9%
DT (Detroit Lions)Ndamukong Suh
90.9%
CB (Seattle Seahawks)Richard Sherman
90.9%
ILB (Carolina Panthers)Luke Kuechly
88.6%
DE (St. Louis Rams)Robert Quinn
86.4%
DT (Baltimore Ravens)Haloti Ngata
86.4%
OLB (Kansas City Chiefs)Justin Houston
86.4%
OLB (Baltimore Ravens)Terrell Suggs
86.4%
CB (Cleveland Browns)Joe Haden
86.4%
CB (Tampa Bay Buccaneers)Darrelle Revis
86.4%
TE (Cleveland Browns)Jordan Cameron
84.1%
T (Philadelphia Eagles)Jason Peters
84.1%
C (Miami Dolphins)Mike Pouncey
84.1%
DE (Miami Dolphins)Cameron Wake
84.1%
ILB (San Francisco 49ers)NaVorro Bowman
84.1%
S (San Diego Chargers)Eric Weddle
84.1%
T (San Francisco 49ers)Joe Staley
81.8%
ILB (San Francisco 49ers)Patrick Willis
81.8%
S (Seattle Seahawks)Kam Chancellor
81.8%
S (Kansas City Chiefs)Eric Berry
79.5%
S (Pittsburgh Steelers)Troy Polamalu
79.5%
FB (Oakland Raiders)Marcel Reece
77.3%
FB (Carolina Panthers)Mike Tolbert
77.3%
G (New England Patriots)Logan Mankins
77.3%
Hint Answer % Correct
K (Baltimore Ravens)Justin Tucker
77.3%
DT (Kansas City Chiefs)Dontari Poe
75%
OLB (Kansas City Chiefs)Tamba Hali
75%
CB (Miami Dolphins)Brent Grimes
72.7%
KR/PR (Minnesota Vikings)Cordarrelle Patterson
72.7%
ILB (Cincinnati Bengals)Vontaze Burfict
70.5%
C (Carolina Panthers)Ryan Kalil
68.2%
G (San Francisco 49ers)Mike Iupati
65.9%
DE (Carolina Panthers)Greg Hardy
65.9%
S (Buffalo Bills)Jairus Byrd
65.9%
G (New Orleans Saints)Jahri Evans
63.6%
DE (New Orleans Saints)Cameron Jordan
63.6%
OLB (Indianapolis Colts)Robert Mathis
63.6%
CB (New England Patriots)Aqib Talib
63.6%
K (Denver Broncos)Matt Prater
63.6%
C (Seattle Seahawks)Max Unger
61.4%
CB (Kansas City Chiefs)Brandon Flowers
59.1%
C (Cleveland Browns)Alex Mack
52.3%
CB (Tennessee Titans)Alterraun Verner
45.5%
P (St. Louis Rams)Johnny Hekker
45.5%
KR/PR (Kansas City Chiefs)Dexter McCluster
45.5%
OLB (San Francisco 49ers)Ahmad Brooks
43.2%
T (Kansas City Chiefs)Branden Albert
40.9%
G (Denver Broncos)Louis Vasquez
40.9%
OLB (Arizona Cardinals)John Abraham
36.4%
G (New Orleans Saints)Ben Grubbs
25%
P (Miami Dolphins)Brandon Fields
18.2%

You're not logged in!

Compare scores with friends on all Sporcle quizzes.
Sign Up with Email
OR
Log In

You Might Also Like...

Show Comments

Extras

Top Quizzes Today


Score Distribution

Your Account Isn't Verified!

In order to create a playlist on Sporcle, you need to verify the email address you used during registration. Go to your Sporcle Settings to finish the process.

Report this User

Report this user for behavior that violates our Community Guidelines.

Details: